[Event "Milan SSM August A"]
[Site "Milan"]
[Date "2015.08.02"]
[Round "3"]
[White "Beltrami, Francesco"]
[Black "Pirrello, Christian"]
[Result "1/2-1/2"]
[WhiteElo "1809"]
[BlackElo "1922"]
[PlyCount "113"]
[EventDate "2015.07.31"]
[EventType "swiss"]
[EventRounds "7"]
[EventCountry "ITA"]
[SourceTitle "EXT 2024"]
[Source "ChessBase"]
[SourceDate "2023.10.10"]
[SourceVersion "1"]
[SourceVersionDate "2023.10.10"]
[SourceQuality "1"]

1. Nf3 d5 2. g3 c5 3. Bg2 Nc6 4. d4 e6 5. 0-0 Nf6 6. b3 Be7 7. Bb2 0-0 8. Nbd2 b6 9. c4 Bb7 10. Re1 Ne4 11. dxc5 Bxc5 12. Nxe4 dxe4 13. Ne5 Bxf2+ 14. Kxf2 Qf6+ 15. Kg1 Nxe5 16. Qd4 Ng4 17. Qxf6 Nxf6 18. Rf1 Nd7 19. Rad1 Rad8 20. Rd4 Nb8 21. Rfd1 Nc6 22. Rd6 Rxd6 23. Rxd6 Rd8 24. Rxd8+ Nxd8 25. Kf2 f5 26. Ke3 Kf7 27. g4 g5 28. Bc3 f4+ 29. Kf2 e3+ 30. Kf1 Bxg2+ 31. Kxg2 Nc6 32. b4 e5 33. Kf3 Nd4+ 34. Bxd4 exd4 35. Ke4 Ke6 36. Kxd4 Kd6 37. a3 a6 38. Ke4 Ke7 39. Kd4 a5 40. Ke4 Ke6 41. Kd4 Kf6 42. Ke4 axb4 43. axb4 Kf7 44. Kd4 Ke8 45. Ke4 Kd8 46. Kd4 Kc7 47. Ke4 b5 48. c5 Kd7 49. Kd4 Ke6 50. Ke4 Ke7 51. Kd4 Ke8 52. Ke4 Kd8 53. Kd4 Kc8 54. Ke4 Kb8 55. Kd4 Ka8 56. Ke4 Ka7 57. Kd4 1/2-1/2

[Event "Milan SSM August A"]
[Site "Milan"]
[Date "2015.07.31"]
[Round "1"]
[White "Beltrami, Francesco"]
[Black "Bemporad, Filippo"]
[Result "0-1"]
[WhiteElo "1809"]
[BlackElo "2042"]
[PlyCount "64"]
[EventDate "2015.07.31"]
[EventType "swiss"]
[EventRounds "7"]
[EventCountry "ITA"]
[SourceTitle "EXT 2024"]
[Source "ChessBase"]
[SourceDate "2023.10.10"]
[SourceVersion "1"]
[SourceVersionDate "2023.10.10"]
[SourceQuality "1"]

1. Nf3 d5 2. g3 Nf6 3. Bg2 g6 4. 0-0 Bg7 5. Ne5 0-0 6. c4 c6 7. d4 Be6 8. Qb3 Qc8 9. c5 Nbd7 10. f4 b6 11. cxb6 axb6 12. Qb4 c5 13. dxc5 bxc5 14. Qb5 Rb8 15. Qc6 Nxe5 16. Qxc8 Rfxc8 17. fxe5 Ng4 18. Nc3 Rd8 19. Bg5 Bxe5 20. Bxe7 Bd4+ 21. Kh1 Rd7 22. h3 Nf2+ 23. Rxf2 Bxf2 24. Rf1 Bd4 25. Bf6 Bxf6 26. Rxf6 Rxb2 27. a4 c4 28. Bf3 Rb3 29. Nb5 c3 30. Nd4 Rb2 31. Bg4 Bxg4 32. hxg4 c2 0-1

[Event "Milan Crespi op-C 35th"]
[Site "Milan"]
[Date "2014.12.06"]
[Round "3"]
[White "Beltrami, Francesco"]
[Black "Andolfatto, Maria"]
[Result "0-1"]
[WhiteElo "1849"]
[BlackElo "1751"]
[PlyCount "60"]
[EventDate "2014.12.04"]
[EventType "swiss"]
[EventRounds "7"]
[EventCountry "ITA"]
[SourceTitle "EXT 2017"]
[Source "ChessBase"]
[SourceDate "2016.10.25"]
[SourceVersion "1"]
[SourceVersionDate "2016.10.25"]
[SourceQuality "1"]

1. Nf3 Nf6 2. g3 g6 3. Bg2 Bg7 4. 0-0 0-0 5. d4 d5 6. c4 c6 7. Nc3 dxc4 8. Ne5 Na6 9. Nxc4 Nc7 10. Ne5 Be6 11. e4 Qc8 12. Na4 Bh3 13. Nc5 Bxg2 14. Kxg2 Ne6 15. Nxe6 Qxe6 16. Qc2 c5 17. Be3 cxd4 18. Bxd4 Rfd8 19. Bc3 Rac8 20. f4 Nd7 21. Nf3 Bxc3 22. bxc3 Qc6 23. Rac1 Nc5 24. Rfe1 Nd3 25. Re3 Nxc1 26. Qxc1 Qa4 27. Qb1 b6 28. Nd4 Qa3 29. Nc2 Rd2+ 30. Kh3 Qc5 0-1

[Event "Milan Crespi op-C 35th"]
[Site "Milan"]
[Date "2014.12.05"]
[Round "2"]
[White "Ventura, Salvatore"]
[Black "Beltrami, Francesco"]
[Result "1-0"]
[WhiteElo "2049"]
[BlackElo "1849"]
[PlyCount "71"]
[EventDate "2014.12.04"]
[EventType "swiss"]
[EventRounds "7"]
[EventCountry "ITA"]
[SourceTitle "EXT 2017"]
[Source "ChessBase"]
[SourceDate "2016.10.25"]
[SourceVersion "1"]
[SourceVersionDate "2016.10.25"]
[SourceQuality "1"]

1. c4 c5 2. g3 g6 3. Bg2 Bg7 4. Nc3 Nc6 5. Nf3 Nf6 6. d4 cxd4 7. Nxd4 a6 8. c5 0-0 9. 0-0 Qc7 10. Bg5 e6 11. Nxc6 bxc6 12. Bf4 e5 13. Bg5 h6 14. Bxf6 Bxf6 15. Ne4 Be7 16. Qd2 Kh7 17. Rfd1 Rb8 18. Qc3 f5 19. Nd6 e4 20. Qc2 Bf6 21. Rab1 Bg7 22. f3 exf3 23. Bxf3 Rb4 24. e3 Qb8 25. b3 Qa7 26. h4 Be5 27. Kg2 Bxd6 28. Rxd6 Rb5 29. Rc1 Re8 30. h5 Re6 31. hxg6+ Kg7 32. Qxf5 h5 33. Qf7+ Kh6 34. Rxe6 Rxc5 35. Qf8+ Kg5 36. Qf4# 1-0

[Event "Milan Crespi op-A 34th"]
[Site "Milan"]
[Date "2013.12.08"]
[Round "7"]
[White "Pedroni, Marco"]
[Black "Beltrami, Francesco"]
[Result "1/2-1/2"]
[WhiteElo "1923"]
[BlackElo "1883"]
[PlyCount "138"]
[EventDate "2013.12.04"]
[EventType "swiss"]
[EventRounds "7"]
[EventCountry "ITA"]
[SourceTitle "EXT 2024"]
[Source "ChessBase"]
[SourceDate "2023.10.10"]
[SourceVersion "1"]
[SourceVersionDate "2023.10.10"]
[SourceQuality "1"]

1. e4 c5 2. Nf3 Nc6 3. d4 cxd4 4. Nxd4 Nf6 5. Nc3 e5 6. Ndb5 d6 7. Bg5 a6 8. Na3 b5 9. Nd5 Be7 10. Bxf6 Bxf6 11. c3 Bg5 12. Be2 f5 13. exf5 Bxf5 14. 0-0 0-0 15. Nc2 Ne7 16. Nce3 Be4 17. a4 Nxd5 18. Nxd5 Kh8 19. axb5 axb5 20. Rxa8 Qxa8 21. Ne3 Qc6 22. Qb3 Rb8 23. Qf7 Bg6 24. Qd5 Qxd5 25. Nxd5 Bf7 26. Nb4 Bc4 27. Bxc4 bxc4 28. Rd1 Rb6 29. Kf1 Kg8 30. Ke2 Kf7 31. Kf3 Ke6 32. Ke4 Rb5 33. g3 Bd8 34. Rd2 Bb6 35. Nd5 Kd7 36. f4 exf4 37. gxf4 Ke6 38. f5+ Kf7 39. Nxb6 Rxb6 40. Kd5 Rb5+ 41. Kxc4 Rxf5 42. b4 Ke6 43. b5 Kd7 44. Kb4 Kc7 45. Ra2 Kb7 46. c4 Rf6 47. Re2 Rf7 48. Kc3 Kb6 49. Kd4 Kc7 50. Re4 Kd7 51. Kc3 Kc7 52. Kb4 Kb7 53. Re6 Rd7 54. Kc3 Kb6 55. Kd4 Kb7 56. Kd5 Kc7 57. h4 h6 58. Rg6 Rf7 59. b6+ Kxb6 60. Kxd6 Kb7 61. c5 h5 62. Ke6 Rc7 63. Rg5 Rc6+ 64. Kf7 g6 65. Kg7 Kc8 66. Rd5 Kc7 67. Kf7 Kc8 68. Ke8 Re6+ 69. Kf7 Re4 1/2-1/2

[Event "Milan Crespi op-A 34th"]
[Site "Milan"]
[Date "2013.12.06"]
[Round "3"]
[White "Piantoni, Pierino"]
[Black "Beltrami, Francesco"]
[Result "1-0"]
[WhiteElo "1898"]
[BlackElo "1883"]
[PlyCount "109"]
[EventDate "2013.12.04"]
[EventType "swiss"]
[EventRounds "7"]
[EventCountry "ITA"]
[SourceTitle "EXT 2024"]
[Source "ChessBase"]
[SourceDate "2023.10.10"]
[SourceVersion "1"]
[SourceVersionDate "2023.10.10"]
[SourceQuality "1"]

1. c4 c5 2. Nf3 Nf6 3. Nc3 Nc6 4. e3 d5 5. d4 cxd4 6. exd4 g6 7. Be2 Bg7 8. 0-0 0-0 9. Re1 Re8 10. Bf4 a6 11. Ne5 Qb6 12. Nxc6 bxc6 13. b3 Qa5 14. Rc1 c5 15. Bf3 cxd4 16. Bxd5 Nxd5 17. Nxd5 e5 18. Qxd4 Bb7 19. Bxe5 Bxd5 20. cxd5 f6 21. Qc3 Qxd5 22. Bxf6 Rec8 23. Qb2 Rxc1 24. Rxc1 Bh6 25. Re1 Rf8 26. Qe5 Qxe5 27. Bxe5 Bd2 28. Re2 Rc8 29. g3 Bb4 30. Kg2 Kf7 31. Bb2 Rc6 32. h3 Bd6 33. f4 Bb4 34. g4 Bd6 35. Kf3 Bb4 36. Be5 Ba3 37. Re4 Be7 38. Rc4 Re6 39. Rc7 h6 40. Ke4 Rb6 41. Kd5 Ke8 42. Rc6 Rb5+ 43. Ke6 a5 44. Bf6 Bxf6 45. Kxf6 Rb4 46. Kxg6 Rxf4 47. Rc5 a4 48. Re5+ Kd7 49. Kxh6 axb3 50. axb3 Rf3 51. h4 Rxb3 52. g5 Kd6 53. Re4 Rb6 54. g6 Kd5 55. Re8 1-0

[Event "Milan SSM op 08"]
[Site "Milan"]
[Date "2013.08.03"]
[Round "4"]
[White "Delledonne, Francesco"]
[Black "Beltrami, Francesco"]
[Result "0-1"]
[WhiteElo "1916"]
[BlackElo "1873"]
[PlyCount "78"]
[EventDate "2013.07.31"]
[EventType "swiss"]
[EventRounds "7"]
[EventCountry "ITA"]
[SourceTitle "EXT 2015"]
[Source "ChessBase"]
[SourceDate "2014.11.20"]
[SourceVersion "1"]
[SourceVersionDate "2014.11.20"]
[SourceQuality "1"]

1. e4 c5 2. Nf3 Nc6 3. Bb5 e6 4. Bxc6 bxc6 5. c4 d6 6. d4 Nf6 7. Nc3 cxd4 8. Nxd4 c5 9. Ndb5 a6 10. Na3 Be7 11. 0-0 0-0 12. Nc2 Bb7 13. Re1 Nd7 14. Ne3 Ne5 15. Qc2 Nc6 16. Ne2 Nd4 17. Qd3 Qb6 18. Nxd4 cxd4 19. Nc2 e5 20. Bd2 a5 21. b3 Qc6 22. a3 f5 23. f3 Bc8 24. Rec1 Be6 25. Rab1 Qa6 26. Ne1 Rac8 27. c5 Qxd3 28. Nxd3 fxe4 29. cxd6 Bxd6 30. fxe4 Bxa3 31. Rxc8 Rxc8 32. Nxe5 Bd6 33. Nc4 Bxc4 34. bxc4 Rxc4 35. Bxa5 Bf4 36. Be1 d3 37. Bg3 Bxg3 38. hxg3 d2 39. Kf2 Rc1 0-1

[Event "Milan Crespi op-B 33rd"]
[Site "Milan"]
[Date "2012.12.08"]
[Round "5"]
[White "Beltrami, Francesco"]
[Black "Zuliani, Francesco"]
[Result "1/2-1/2"]
[WhiteElo "1856"]
[BlackElo "1783"]
[PlyCount "92"]
[EventDate "2012.12.05"]
[EventType "swiss"]
[EventRounds "7"]
[EventCountry "ITA"]
[SourceTitle "EXT 2015"]
[Source "ChessBase"]
[SourceDate "2014.11.20"]
[SourceVersion "1"]
[SourceVersionDate "2014.11.20"]
[SourceQuality "1"]

1. Nf3 Nc6 2. d4 d5 3. c4 e5 4. dxe5 d4 5. a3 Nge7 6. e3 Nf5 7. exd4 Nfxd4 8. Nxd4 Qxd4 9. Nc3 Qxe5+ 10. Be2 Bd6 11. f4 Qf6 12. 0-0 Bc5+ 13. Kh1 0-0 14. Ne4 Qe7 15. Nxc5 Qxc5 16. b4 Qe7 17. Bb2 Bf5 18. Qe1 Qe4 19. Qg3 f6 20. Bf3 Qxc4 21. Rfc1 Qb3 22. Bxc6 Qxb2 23. Bxb7 Rad8 24. Qc3 Qf2 25. Rf1 Qb6 26. Bf3 Rd3 27. Qc4+ Kh8 28. Rfc1 Rc8 29. Qc5 g6 30. a4 Rd4 31. b5 Be4 32. Bxe4 Rxe4 33. g3 Qa5 34. Qc6 f5 35. Qb7 Rce8 36. Qxc7 Re1+ 37. Kg2 Qxc7 38. Rxc7 Rxa1 39. Rxa7 Rb8 40. Ra6 Ra2+ 41. Kf3 Ra3+ 42. Kg2 Rb3 43. Kh3 Kg7 44. Kh4 Rd8 45. g4 Rd4 46. Ra7+ Kg8 1/2-1/2

[Event "Milan Crespi op-B 32nd"]
[Site "Milan"]
[Date "2011.12.11"]
[Round "6"]
[White "Beltrami, Francesco"]
[Black "Papa, Angelo"]
[Result "1-0"]
[WhiteElo "1857"]
[BlackElo "1850"]
[PlyCount "59"]
[EventDate "2011.12.07"]
[EventType "swiss"]
[EventRounds "7"]
[EventCountry "ITA"]
[SourceTitle "EXT 2022"]
[Source "ChessBase"]
[SourceDate "2021.10.06"]
[SourceVersion "1"]
[SourceVersionDate "2021.10.06"]
[SourceQuality "1"]

1. Nf3 g6 2. e4 Bg7 3. d4 d6 4. Bc4 Nf6 5. e5 dxe5 6. Nxe5 0-0 7. 0-0 c6 8. c3 Nbd7 9. Bf4 Nb6 10. Bb3 a5 11. Qc1 Nbd5 12. Bh6 Qc7 13. a3 a4 14. Bxg7 Kxg7 15. Bc2 Bd7 16. c4 Nb6 17. b4 axb3 18. Bxb3 c5 19. Nxd7 Nbxd7 20. d5 Rfe8 21. Nc3 Qe5 22. Re1 Qh5 23. f3 e6 24. dxe6 fxe6 25. Nb5 Re7 26. Nc7 Rae8 27. Nxe8+ Nxe8 28. Ba4 Nb6 29. Bxe8 Rxe8 30. Qb2+ 1-0

[Event "Milan Crespi op-B 32nd"]
[Site "Milan"]
[Date "2011.12.09"]
[Round "4"]
[White "Montilli, Vincenzo"]
[Black "Beltrami, Francesco"]
[Result "1/2-1/2"]
[WhiteElo "1777"]
[BlackElo "1857"]
[PlyCount "65"]
[EventDate "2011.12.07"]
[EventType "swiss"]
[EventRounds "7"]
[EventCountry "ITA"]
[SourceTitle "EXT 2022"]
[Source "ChessBase"]
[SourceDate "2021.10.06"]
[SourceVersion "1"]
[SourceVersionDate "2021.10.06"]
[SourceQuality "1"]

1. d4 Nf6 2. c4 e6 3. Nc3 Bb4 4. Qc2 c5 5. e3 0-0 6. a3 Bxc3+ 7. Qxc3 cxd4 8. exd4 Ne4 9. Qc2 d5 10. Bd3 Nc6 11. Nf3 Qa5+ 12. Ke2 Nb4 13. Qb3 Nxd3 14. Qxd3 Qa6 15. b3 Bd7 16. Bb2 Rac8 17. Ne5 Be8 18. Rac1 f6 19. f3 fxe5 20. fxe4 Bg6 21. dxe5 Bxe4 22. Qd4 dxc4 23. bxc4 Bd5 24. Ke3 Bxg2 25. Rhg1 Rcd8 26. Qc5 Qc6 27. Qxc6 Bxc6 28. Rcf1 Ba4 29. Bd4 a6 30. Bc5 Rxf1 31. Rxf1 Bc6 32. Bd6 h6 33. Kd4 1/2-1/2

[Event "Martesana-ch"]
[Site "Cologno Monzese"]
[Date "2010.06.11"]
[Round "7"]
[White "Galli, Giuliano"]
[Black "Beltrami, Francesco"]
[Result "1/2-1/2"]
[WhiteElo "1627"]
[BlackElo "1682"]
[PlyCount "54"]
[EventDate "2010.05.21"]
[EventType "swiss"]
[EventRounds "7"]
[EventCountry "ITA"]
[SourceTitle "EXT 2024"]
[Source "ChessBase"]
[SourceDate "2023.10.10"]
[SourceVersion "1"]
[SourceVersionDate "2023.10.10"]
[SourceQuality "1"]

1. e4 c5 2. Nf3 Nc6 3. d4 cxd4 4. Nxd4 Nf6 5. Nc3 e5 6. Nb3 Bb4 7. Bd3 h6 8. 0-0 0-0 9. Bd2 d6 10. a3 Bxc3 11. Bxc3 Be6 12. Nd2 d5 13. exd5 Nxd5 14. Ne4 Nxc3 15. Nxc3 f5 16. b3 Nd4 17. Qc1 e4 18. Bc4 Bxc4 19. bxc4 Qa5 20. Qb2 Qxc3 21. Qxb7 Qxc4 22. Rae1 Nc6 23. Qb3 Qxb3 24. cxb3 Nd4 25. Rb1 Rab8 26. b4 Rfc8 27. Rfd1 Ne2+ 1/2-1/2

[Event "Martesana-ch"]
[Site "Cologno Monzese"]
[Date "2010.05.28"]
[Round "3"]
[White "Profumo, Alberto"]
[Black "Beltrami, Francesco"]
[Result "1-0"]
[WhiteElo "2232"]
[BlackElo "1682"]
[PlyCount "47"]
[EventDate "2010.05.21"]
[EventType "swiss"]
[EventRounds "7"]
[EventCountry "ITA"]
[SourceTitle "EXT 2024"]
[Source "ChessBase"]
[SourceDate "2023.10.10"]
[SourceVersion "1"]
[SourceVersionDate "2023.10.10"]
[SourceQuality "1"]

1. Nf3 Nf6 2. c4 g6 3. Nc3 Bg7 4. g3 b6 5. Bg2 Bb7 6. 0-0 d5 7. Ne5 Ne4 8. d4 Nd7 9. Nxd5 Nxe5 10. dxe5 Nc5 11. Bg5 Bxe5 12. Bxe7 Qc8 13. Bf6 Bxd5 14. Qxd5 Bxf6 15. Qxa8 Qxa8 16. Bxa8 Bxb2 17. Bc6+ Ke7 18. Rad1 Be5 19. f4 Bd6 20. e4 Ne6 21. Kg2 Bc5 22. Rd7+ Kf6 23. Bd5 Rc8 24. e5+ 1-0